| 000 | 01851nam a22003737a 4500 | ||
|---|---|---|---|
| 003 | OSt | ||
| 005 | 20260413162129.0 | ||
| 008 | 260413t2017 xxu||||| |||| 00| 0 spa d | ||
| 020 | _a9789587656084 | ||
| 020 | _a9789586706353 | ||
| 040 |
_aUnicoc _bspa _c00001 _d00001 |
||
| 082 | _a003.5 | ||
| 100 |
_912913 _aOsorio Gómez, Juan Carlos |
||
| 245 |
_aIntroducción al pensamiento sistémico _c/ Juan Carlos Osorio Gómez |
||
| 250 | _a1 Ed. | ||
| 260 |
_aCali : _bUniversidad del Valle , _c[2017] |
||
| 300 |
_a121 páginas _bIlustraciones |
||
| 440 |
_912914 _aColección Ingeniería |
||
| 440 |
_96501 _aColección libros de investigación |
||
| 500 | _aIncluye Bibliografía | ||
| 505 |
_tIntroducción: “Un vendedor mentiroso que no sabía nada de sistemas”. -- _tIntroducción al mundo sistémico. -- _tTeoría general de sistemas. -- _tConceptos básicos de la teoría de sistemas. -- _tEl pensamiento sistémico, un pensamiento en círculos. -- _tLeyes y obstáculos del pensamiento sistémico. -- _tLas organizaciones y el pensamiento sistémico. -- _tModelos mentales. -- _tLa metodología de los sistemas blandos. -- _tIntroducción a la dinámica de sistema. |
||
| 526 | _5Unicoc | ||
| 546 | _aEspañol | ||
| 650 | 0 |
_96435 _aTeoría de sistemas |
|
| 650 | 0 |
_96792 _aAnálisis de sistemas. |
|
| 650 | 0 |
_912916 _aPensamiento sistémico |
|
| 650 | 0 |
_912917 _aSistemas dinámicos |
|
| 650 | 0 |
_94353 _aTeoría del conocimiento. |
|
| 658 | 0 |
_98382 _aPrograma de Administración de Empresas |
|
| 658 | 0 |
_98220 _aPrograma de Ingeniería de Sistemas |
|
| 658 | 0 |
_98260 _aPrograma de Ingeniería Industrial |
|
| 856 |
_yAcceso online exclusivo para comunidad Unicoc. _uhttps://unicoceduco-my.sharepoint.com/:b:/g/personal/direccionbiblioteca_unicoc_edu_co/IQAdVuBnVR7TS6Uaz6rnMx6pAd2YggZfg81Ou_V1VLBOU00 |
||
| 942 |
_2ddc _cEBOOK |
||
| 999 |
_c10836 _d10836 |
||